| 000 | 00465nam a2200181 a 4500 | ||
|---|---|---|---|
| 005 | 20240924070150.0 | ||
| 008 | 991125s1935 mx 000 0 spa u | ||
| 035 | _aUPN01000004593 | ||
| 049 | _aSEP | ||
| 050 | 4 |
_aPA47 _bM9.3 |
|
| 100 | 1 | _aMuñoz Cota, José | |
| 245 | 1 | 0 |
_aArte y literatura proletarios / _cJosé Muñóz Cota. |
| 260 |
_aMéxico : _bSEP, _c1935. |
||
| 300 | _a16 p. | ||
| 650 | 4 |
_aLiteratura _95741 |
|
| 650 | 2 |
_aEstética _95739 |
|
| 905 | _aLibro | ||
| 999 |
_c4593 _d4593 |
||